LEADER 01014nam a2200265 i 4500 001 000000171656 003 CaOOAMICUS 005 20080507000000.0 008 080507s1993 it u000 u ita u 013 $a149088 020 $a978-88-06-18742-2 040 $aSeMil$bita 100 1 $aKawabata, Yasunari.$0(OLS)http://semarc/name/60803 240 10$aUtsukushisa To Kanashimi To.$0(OLS)http://semarc/title/245611 245 10$aBellezza e tristezza /$cYasunari Kawabata. 260 $aTorino :$bEinaudi,$ccopyr. 1993. 300 $a171 p. ;$c20 cm. 490 0 $aET Scrittori ;$v164 830 0$aET ;$v164.$0(OLS)http://semarc/title/28189 850 $aSeMil 852 $aSeMil$W1$xVenegono$y1$m1T III 26$j239608$B122522$CSeMilBibl$Z2$F133926 $81 961 $aOmaggio: Ghiringhelli prof. Livio 996 $6020$a978-88-06-18742-2$9(OLS)http://semarc/number/158814 996 $6245$aBellezza e tristezza$9(OLS)http://semarc/title/245610 996 $6260$aTorino :$bEinaudi$9(OLS)http://semarc/publisher/29884 LEADER 01333nam a2200289 i 4500 001 000000196869 003 CaOOAMICUS 005 20110202000000.0 008 110202s1977 gw u000 u ger u 013 $a175553 020 $a3-402-07078-2 020 $a3-402-07079-0 040 $aSeMil$bita 100 1 $aKlauser, Theodor,$d<1894-1984>.$0(OLS)http://semarc/name/1993 245 10$aHenri Leclercq 1869-1945 :$bvom Autodidakten zum Kompilator grossen Stils /$cvon Theodor Klauser. 260 $aMünster Westf. :$bAschendorff,$c1977. 300 $a165 p., 6 c. di tav. :$britr. ;$c29 cm. 490 0 $aJahrbuch für Antike und Christentum. Ergänzungsband ;$v5 650 4$aLeclercq, Henri.$0(OLS)http://semarc/subject/36937 830 0$aJahrbuch für Antike und Christentum. Ergänzungsband ;$v5.$0(OLS)http://semarc/title/175 850 $aSeMil 852 $aSeMil$W1$xVenegono$y1$m3KA B 5$j226540$B147432$CSeMilBibl$Z2$F158985 $81 961 $aSottoscrizione: Aschendorff 996 $6020$a3-402-07078-2$9(OLS)http://semarc/number/188893 996 $6020$a3-402-07079-0$9(OLS)http://semarc/number/188894 996 $6245$aHenri Leclercq 1869-1945 :$bvom Autodidakten zum Kompilator grossen Stils$9(OLS)http://semarc/title/284273 996 $6260$aMünster Westf. :$bAschendorff$9(OLS)http://semarc/publisher/29679